|
|
|
|
| LEADER |
01341nam a2200313 a 4500 |
| 001 |
13591455 |
| 008 |
120427s2005 inua f 001 0 eng |
| 999 |
|
|
|c 12112
|d 12112
|
| 010 |
|
|
|a 2004107331
|
| 020 |
|
|
|a 013147149X (pbk.)
|
| 040 |
|
|
|a UKM
|c UKM
|d C#P
|d DLC
|d BD-DhAAL
|
| 042 |
|
|
|a lccopycat
|
| 050 |
0 |
0 |
|a QA76.73.P224
|b G88 2005
|
| 082 |
0 |
4 |
|a 005.2762
|2 22
|
| 100 |
1 |
|
|a Gutmans, Andi.
|9 29891
|
| 245 |
1 |
0 |
|a PHP 5 power programming /
|c Andi Gutmans, Stig Sæther Bakken, and Derick Rethans.
|
| 260 |
|
|
|a Indianapolis, IN :
|b Prentice Hall PTR,
|c c2005.
|
| 300 |
|
|
|a xxviii, 689 p. :
|b ill. ;
|c 24 cm.
|
| 490 |
0 |
|
|a Bruce Perens' Open Source series
|
| 500 |
|
|
|a Includes index.
|
| 541 |
|
|
|e 00025033
|
| 650 |
|
0 |
|a PHP (Computer program language)
|9 29892
|
| 650 |
|
0 |
|a Web sites
|x Design.
|9 29893
|
| 700 |
1 |
|
|a Bakken, Stig Sæther.
|9 29894
|
| 700 |
1 |
|
|a Rethans, Derick.
|9 29895
|
| 852 |
1 |
|
|a Ayesha Abed Library
|c General shelf.
|
| 942 |
0 |
0 |
|0 1
|2 ddc
|c BK
|
| 952 |
|
|
|0 0
|1 0
|2 ddc
|4 0
|6 005_276200000000000_GUT
|7 0
|9 20096
|a BRACUL
|b BRACUL
|c GEN
|d 2012-04-26
|e Parama Publishers
|g 3355.82
|l 15
|m 175
|o 005.2762 GUT
|p 3010025033
|r 2019-08-21
|s 2019-08-08
|t 1
|w 2012-04-27
|y BK
|
| 952 |
|
|
|0 0
|1 0
|2 ddc
|4 0
|6 005_276200000000000_GUT
|7 0
|9 22558
|a BRACUL
|b BRACUL
|c GEN
|d 2013-05-30
|e Parama
|g 3355.00
|l 15
|m 137
|o 005.2762 GUT
|p 3010027082
|r 2024-02-27
|s 2024-02-20
|t 2
|w 2013-05-30
|y BK
|